000
00293nam a22001217a 4500
008
181017b xxu||||| |||| 00| 0 eng d
041
_a
eng
080
_a
941
100
_a
16
101
_a
HIS
245
_a
Crop Production Evolution Hisstory And Technology
_c
Smith.C.W
942
_2
udc
_c
BK
999
_c
50072
_d
50072